[Event "Challenge"]
[Site "http://www.queenalice.com/game.php?id=1196474"]
[Date "2013.7.3"]
[Round "-"]
[White "dejami"]
[Black "Berter"]
[Result "0-1"]
[WhiteElo "1675"]
[BlackElo "1264"]

1. e4 e5 2. c3 Nf6 3. f3 Nc6 4. d4 d6 5. d5 Ne7 6. c4 c6 7. b3 Qa5+ 8. Bd2 Qc5
9. Ne2 Ng6 10. g3 Be7 11. a3 b5 12. Bb4 Qe3 13. Bg2 Nh5 14. Bd2 Qd3 15. Nbc3
Ngf4 16. gxf4 Bh4+ 17. Kf1 Bh3 18. Bxh3 Qxf3+ 19. Kg1 Qf2# 0-1

[Event "Challenge"]
[Site "http://www.queenalice.com/game.php?id=1198031"]
[Date "2013.7.8"]
[Round "-"]
[White "serard1"]
[Black "Berter"]
[Result "0-1"]
[WhiteElo "1373"]
[BlackElo "1281"]

1. e3 e5 2. c3 e4 3. f3 d5 4. b3 Nc6 5. h4 g5 6. g3 a6 7. Nh3 g4 8. fxg4 Bd6 9.
Rg1 Nf6 10. Nf2 Ne5 11. Bg2 Nexg4 12. Bh3 h5 13. b4 Nh2 14. Bg2 Nfg4 15. Nxg4
Rg8 16. Nf2 Bxg3 17. Rh1 Qf6 18. Qe2 Bg4 19. Rxh2 Bxe2 20. Bh1 Qxf2+ 21. Rxf2
Bxf2+ 22. Kxf2 Bf3 23. Bxf3 exf3 24. Kxf3 Rg4 25. d4 Rxh4 26. Nd2 Rh3+ 27. Ke2
Rh1 28. e4 h4 29. Nf3 Kd7 30. exd5 Re8+ 31. Ne5+ Kd6 32. Kd3 Rg8 33. Nxf7+ Kxd5
34. c4+ Ke6 35. Nh6 Rg3+ 36. Ke4 Rd1 37. d5+ Kd7 38. Nf5 Rg4+ 39. Kf3 Rdg1 40.
a4 h3 41. Be3 h2 42. Bxg1 Rxg1 43. Ng3 Rxa1 44. Kg2 Rxa4 45. b5 Rxc4 46. bxa6
bxa6 47. Kxh2 Kd6 48. Nf5+ Kxd5 49. Ne3+ Kd4 50. Nf5+ Ke5 51. Ne3 Re4 52. Nd1 a5
53. Nc3 Rc4 54. Nb1 a4 55. Kg2 c5 56. Kf2 Rc1 57. Na3 Rc3 58. Nb5 Rc2+ 59. Ke3
c4 60. Kf3 Rb2 0-1

[Event "Challenge"]
[Site "http://www.queenalice.com/game.php?id=1201184"]
[Date "2013.7.20"]
[Round "-"]
[White "Berter"]
[Black "dejami"]
[Result "0-1"]
[WhiteElo "1363"]
[BlackElo "1665"]

1. d4 d5 2. e3 g6 3. Nf3 f6 4. b3 c6 5. Nc3 Nd7 6. g3 e6 7. Qe2 Bb4 8. Bd2 Bd6
9. Nh4 f5 10. Bg2 Ngf6 11. h3 Nb6 12. e4 fxe4 13. Bg5 Be7 14. O-O Nh5 15. Bh6
Nf6 16. Bg7 Rg8 17. Bxf6 Bxf6 18. Qe3 e5 19. dxe5 Bxe5 20. Qh6 Rh8 21. Qe3 Qf6
22. Qc5 Bxc3 23. Rad1 Nd7 24. Qe3 g5 25. Nf5 Qxf5 26. Qxc3 Rg8 27. Rde1 h5 28.
f3 Qg6 29. fxe4 Kd8 30. exd5 cxd5 31. Bxd5 Re8 32. Bf7 Qb6+ 33. Kh2 Rxe1 34.
Rxe1 Qf2+ 35. Kh1 Qxf7 36. Qa5+ b6 37. Qxg5+ Kc7 38. Re7 Qf2 39. Re8 Bb7+ 40.
Re4 Bxe4# 0-1

[Event "Challenge"]
[Site "http://www.queenalice.com/game.php?id=1205428"]
[Date "2013.8.5"]
[Round "-"]
[White "Petrucio"]
[Black "Berter"]
[Result "0-1"]
[WhiteElo "1114"]
[BlackElo "1359"]

1. e4 e5 2. Qh5 g6 3. Qxe5+ Qe7 4. Qxh8 Qxe4+ 5. Be2 Qxc2 6. Bd1 Qxc1 7. Ne2 Qc5
8. Nbc3 d6 9. d4 Qg5 10. Qxg8 Qxg2 11. Ng3 c6 12. Nce2 Qd5 13. Bb3 Qa5+ 14. Kf1
d5 15. Qxh7 Qd2 16. Rd1 Qg5 17. Rd3 Be6 18. f4 Qg4 19. h3 Bf5 20. hxg4 Bxd3 21.
Qh8 Nd7 22. Ke1 O-O-O 23. Kd2 Bb5 24. Qh7 Nf6 25. Qh8 Bb4+ 26. Ke3 Be7 27. Qg7
Re8 28. Qxf7 Nxg4+ 29. Kf3 Nf6 30. Qe6+ Kc7 31. Rc1 Kb6 32. Qf7 g5 33. Qxe8 Nxe8
34. Nf5 Bf6 35. a4 Ba6 36. Nc3 Kc7 37. Re1 Nd6 38. Rh1 Nxf5 39. Rh7+ Kb6 40. Kg4
Ne3+ 41. Kg3 Bxd4 42. fxg5 Bd3 43. Nd1 Nf1+ 44. Kf4 Bxh7 45. Ba2 Bc2 46. Kg4
Bxd1+ 47. Kf5 Ne3+ 48. Ke6 Bxb2 49. Kd6 Bxa4 50. Kd7 d4 51. Bb1 Bb5 52. Kc8 d3
53. g6 d2 54. Be4 d1=Q 55. g7 Bxg7 56. Bh7 c5 57. Kb8 Qd8# 0-1

[Event "Challenge"]
[Site "http://www.queenalice.com/game.php?id=1211144"]
[Date "2013.8.24"]
[Round "-"]
[White "SilviaVitoria"]
[Black "Berter"]
[Result "0-1"]
[WhiteElo "1140"]
[BlackElo "1356"]

1. d4 d5 2. Qd3 c6 3. c3 Qd6 4. g3 e6 5. Na3 Nf6 6. Bf4 Qe7 7. Nf3 h6 8. Bh3 b6
9. Rd1 Nbd7 10. Bc7 Ne5 11. Nxe5 Qxc7 12. g4 h5 13. gxh5 Nxh5 14. Rg1 Nf4 15.
Qe3 Nxh3 16. Rg2 Be7 17. Rxg7 Bf6 18. Rxf7 Qd8 19. Rd2 Bxe5 20. Qf3 Ng5 21. Qf6
Bxf6 22. Rd3 Kxf7 23. b3 Rxh2 24. Kd2 Ne4+ 25. Ke3 Bg5+ 26. f4 Rh3# 0-1

[Event "Challenge"]
[Site "http://www.queenalice.com/game.php?id=1211389"]
[Date "2013.8.25"]
[Round "-"]
[White "Berter"]
[Black "m_KP"]
[Result "1-0"]
[WhiteElo "1322"]
[BlackElo "1206"]

1. d4 Nf6 2. e3 d5 3. Nc3 a6 4. h3 e6 5. Nf3 Bd6 6. Bd3 c5 7. a3 c4 8. Be2 Ne4
9. Ne5 O-O 10. Nxe4 dxe4 11. Bxc4 f6 12. Ng4 b5 13. Bb3 1-0

[Event "Challenge"]
[Site "http://www.queenalice.com/game.php?id=1213476"]
[Date "2013.9.1"]
[Round "-"]
[White "serard1"]
[Black "Berter"]
[Result "1-0"]
[WhiteElo "1392"]
[BlackElo "1365"]

1. e3 g6 2. b4 b5 3. g3 Nc6 4. Qf3 Bg7 5. c3 Bb7 6. Bxb5 Nf6 7. Ne2 Qb8 8. a4
Ne5 9. Qf4 Bxh1 10. Qxe5 O-O 11. d4 d6 12. Qf4 Qc8 13. Na3 a6 14. Bc4 d5 15. Bd3
Ng4 16. h3 Nh2 17. Ng1 h6 18. e4 Qe6 19. g4 Nxg4 20. hxg4 dxe4 21. Bc4 Qc6 22.
Qh2 e3 23. b5 Qe4 24. Bxe3 c5 25. Ke2 cxd4 26. f3 Qxe3+ 27. Kf1 Bxf3 28. Re1
Qxc3 29. Qh3 Qxa3 30. Nxf3 Qxa4 31. Nd2 axb5 32. Bb3 Qb4 33. Qh2 Be5 34. Qxe5
Qxd2 35. Qc5 Qf4+ 36. Ke2 Qe3+ 37. Kf1 Qxb3 38. Qxd4 Qf3+ 39. Kg1 Rfd8 40. Qb2
Rd4 41. Qxd4 Qg3+ 42. Kf1 Qh3+ 43. Kg1 Qg3+ 44. Kf1 e5 45. Qd5 Ra2 46. Qxa2 Qh3+
47. Qg2 Qd3+ 48. Qe2 Qh3+ 49. Kf2 h5 50. g5 h4 51. Rg1 Qf5+ 52. Ke1 h3 53. Qxb5
h2 54. Rh1 Qh3 55. Qe8+ Kg7 56. Qxe5+ Kf8 57. Rxh2 1-0

[Event "Challenge"]
[Site "http://www.queenalice.com/game.php?id=1214180"]
[Date "2013.9.3"]
[Round "-"]
[White "Derik_vd_Heever"]
[Black "Berter"]
[Result "0-1"]
[WhiteElo "1426"]
[BlackElo "1301"]

1. e4 e5 2. Nf3 d6 3. Nc3 Ne7 4. Bb5+ Nbc6 5. d3 a6 6. Bc4 b5 7. Bb3 Nd4 8. O-O
Bg4 9. Ng5 Bxd1 10. Rxd1 d5 11. exd5 h6 12. Nge4 Nef5 13. a4 b4 14. Na2 Ne2+ 15.
Kh1 Qh4 16. Bg5 hxg5 17. Nxb4 Qxh2# 0-1

[Event "Challenge"]
[Site "http://www.queenalice.com/game.php?id=1227588"]
[Date "2013.10.27"]
[Round "-"]
[White "adriana_p"]
[Black "Berter"]
[Result "0-1"]
[WhiteElo "1496"]
[BlackElo "1406"]

1. e4 e5 2. Qf3 d6 3. Bc4 Be6 4. Bxe6 fxe6 5. Nc3 Qd7 6. Nh3 Nc6 7. Ne2 O-O-O 8.
Ng5 Nd4 9. Nxd4 exd4 10. Nf7 d5 11. Nxh8 Nf6 12. exd5 exd5 13. d3 Qe6+ 14. Qe2
Qf5 15. Nf7 Re8 16. Be3 Ng4 17. O-O-O dxe3 18. fxe3 d4 19. Rhf1 Rxe3 20. Rxf5
Rxe2 21. h3 Ne3 22. Rg1 Nxf5 23. Ng5 Bd6 24. Kd1 Re3 25. a4 Bb4 26. Nxh7 Rg3 27.
Nf6 Ne3+ 0-1

[Event "Challenge"]
[Site "http://www.queenalice.com/game.php?id=1230260"]
[Date "2013.11.5"]
[Round "-"]
[White "serard1"]
[Black "Berter"]
[Result "0-1"]
[WhiteElo "1440"]
[BlackElo "1350"]

1. e3 e5 2. Nc3 c6 3. Nf3 f6 4. Nh4 Nh6 5. f3 g5 6. f4 gxh4 7. Qh5+ Nf7 8. Qxh4
d5 9. fxe5 fxe5 10. Qh5 h6 11. e4 d4 12. Na4 Qa5 13. b3 Bb4 14. Bc4 Rf8 15. Rf1
b5 16. Bxf7+ Rxf7 17. Qxf7+ Kd8 18. Qg8+ Kc7 19. Rf7+ Nd7 20. c3 dxc3 21. Rf2
bxa4 22. a3 cxd2+ 23. Bxd2 Bc3 24. Rc1 axb3 25. Qxb3 Bxd2+ 26. Rxd2 Nc5 27. Qc3
Qb5 28. Qxe5+ Kb6 29. Rdc2 Qa5+ 30. Kf1 Ba6+ 31. Kf2 Nd3+ 32. Ke3 Nxe5 33. h3
Nc4+ 34. Kd3 Nxa3+ 0-1

[Event "Let's Play Chess!"]
[Site "http://www.queenalice.com/game.php?id=1234972"]
[Date "2013.11.24"]
[Round "-"]
[White "port956"]
[Black "Berter"]
[Result "0-1"]
[WhiteElo "1421"]
[BlackElo "1370"]

1. e4 e5 2. Nf3 Nc6 3. d4 d6 4. Bc4 b5 5. Bxb5 Bb7 6. d5 Qd7 7. O-O a6 8. dxc6
Bxc6 9. Qd3 axb5 10. c4 b4 11. Be3 Nf6 12. b3 Bxe4 13. Qe2 h6 14. a4 Qg4 15.
Nbd2 d5 16. a5 h5 17. h4 Rh6 18. Bxh6 gxh6 19. g3 Qh3 20. c5 Ng4 21. Qb5+ Kd8
22. Qb7 Nh2 23. Qxa8+ Ke7 24. Nxe4 Nxf3# 0-1

[Event "Challenge"]
[Site "http://www.queenalice.com/game.php?id=1237565"]
[Date "2013.12.4"]
[Round "-"]
[White "Berter"]
[Black "serard1"]
[Result "1-0"]
[WhiteElo "1426"]
[BlackElo "1418"]

1. d4 c6 2. Nf3 e6 3. Bg5 f6 4. Be3 Ne7 5. Nc3 g5 6. g4 Nd5 7. Nxd5 cxd5 8. Qd3
Qa5+ 9. Bd2 Qb6 10. b3 Bd6 11. Bg2 Bf4 12. e3 Bd6 13. O-O O-O 14. a4 a5 15. Rae1
f5 16. Ne5 fxg4 17. Ng6 hxg6 18. Qxg6+ Kh8 19. e4 Bb4 20. exd5 Bxd2 21. Be4 Rf5
22. Bxf5 1-0

[Event "Let's Play Chess!"]
[Site "http://www.queenalice.com/game.php?id=1238391"]
[Date "2013.12.7"]
[Round "-"]
[White "port956"]
[Black "Berter"]
[Result "0-1"]
[WhiteElo "1440"]
[BlackElo "1388"]

1. c4 Nf6 2. Nc3 c6 3. d3 h6 4. Qb3 e6 5. e4 Bc5 6. Nh3 Ng4 7. Be2 Qh4 8. O-O f5
9. Be3 Bd6 10. f4 Nxe3 11. Bh5+ Qxh5 0-1

[Event "Challenge"]
[Site "http://www.queenalice.com/game.php?id=1238698"]
[Date "2013.12.9"]
[Round "-"]
[White "dejami"]
[Black "Berter"]
[Result "1-0"]
[WhiteElo "1755"]
[BlackElo "1442"]

1. e4 e5 2. Bc4 Qe7 3. c3 d6 4. d4 Nf6 5. Qf3 Bd7 6. h3 exd4 7. Nd2 Nc6 8. Qd3
g6 9. f3 Qe5 10. cxd4 Nxd4 11. Kf2 Nh5 12. Nf1 Nf4 13. Bxf4 Qxf4 14. Qxd4 Rg8
15. Ne2 Qh4+ 16. Nfg3 Bg7 17. Qd5 Be6 18. Qxb7 Rd8 19. Bb5+ Ke7 20. Qxc7+ Bd7
21. Rad1 Be5 22. Rd3 Rc8 23. Qxd7+ Kf6 24. Rxd6+ Kg7 25. Rc6 Rcd8 26. Qg4 Qe7
27. Nf5+ 1-0

[Event "Let's Play Chess!"]
[Site "http://www.queenalice.com/game.php?id=1246073"]
[Date "2014.1.7"]
[Round "-"]
[White "port956"]
[Black "Berter"]
[Result "0-1"]
[WhiteElo "1497"]
[BlackElo "1439"]

1. e4 e5 2. h4 d6 3. g4 Nf6 4. g5 Nxe4 5. d3 Nc5 6. Be3 f6 7. Nc3 a6 8. Nf3 Bg4
9. b4 Nxd3+ 10. Bxd3 Nc6 11. Nd5 Nd4 12. Be2 e4 13. Bxd4 exf3 14. Nxf6+ gxf6 15.
Bxf3 Bf5 16. Bxf6 Qd7 17. Bh5+ Bg6 18. Qe2+ Kf7 19. Bxh8 Be7 20. O-O-O Rxh8 21.
Qf3+ Ke8 22. Bg4 Qa4 23. Bf5 Rf8 24. Rhe1 Bxf5 25. Qe2 Qd7 26. Rd3 Bxd3 27. cxd3
Rf7 28. f4 c5 29. a3 Kd8 30. Qh5 Rxf4 31. Qxh7 Qc7 32. g6 cxb4+ 33. Kd1 Rf2 34.
g7 Qc2# 0-1

[Event "Challenge"]
[Site "http://www.queenalice.com/game.php?id=1247101"]
[Date "2014.1.11"]
[Round "-"]
[White "serard1"]
[Black "Berter"]
[Result "0-1"]
[WhiteElo "1431"]
[BlackElo "1457"]

1. Nh3 d5 2. d4 Nc6 3. e3 Nf6 4. Nf4 e6 5. Nc3 a6 6. g4 e5 7. g5 Ne4 8. Nh3 Nxg5
9. Rg1 Nxh3 10. dxe5 Nxg1 11. Bg2 Nxe5 12. Kf1 Nh3 13. f4 Bg4 14. Qd4 Bd6 15.
Nxd5 Qh4 16. Bxh3 Bxh3+ 17. Ke2 O-O 18. fxe5 Qh5+ 19. Kd2 Bxe5 20. Qc4 Rad8 21.
Rb1 c6 22. Ke1 Rxd5 23. Bd2 Bg3+ 24. hxg3 Qf3 25. e4 Qxg3+ 26. Kd1 Bg4+ 27. Qe2
Qg1# 0-1

[Event "Let's Play Chess!"]
[Site "http://www.queenalice.com/game.php?id=1247289"]
[Date "2014.1.11"]
[Round "-"]
[White "hrob"]
[Black "Berter"]
[Result "1-0"]
[WhiteElo "1332"]
[BlackElo "1442"]

1. e4 e5 2. Nf3 Nf6 3. Nxe5 d5 4. exd5 Qxd5 5. Nf3 Bc5 6. d4 Bd6 7. c4 Qe4+ 8.
Be2 O-O 9. Nc3 Qg4 10. c5 Qxg2 11. Rg1 Qh3 12. cxd6 cxd6 13. Bg5 Re8 14. Bxf6
Qxf3 15. Rxg7+ Kf8 16. Nd5 Qh1+ 17. Kd2 Qxd5 18. Rg8+ Kxg8 19. Qg1+ 1-0

[Event "Challenge"]
[Site "http://www.queenalice.com/game.php?id=1249396"]
[Date "2014.1.18"]
[Round "-"]
[White "Berter"]
[Black "hrob"]
[Result "0-1"]
[WhiteElo "1457"]
[BlackElo "1405"]

1. d4 Nf6 2. Nc3 d5 3. Nf3 c5 4. Bf4 Nc6 5. e3 Bg4 6. h3 Bxf3 7. gxf3 cxd4 8.
exd4 e6 9. Nb5 Rc8 10. c3 a6 11. Na3 Bxa3 12. bxa3 O-O 13. Bd3 Nh5 14. Be3 Na5
15. Qd2 Qe7 16. Bh6 Qxa3 17. Rg1 Qxc3 18. Ke2 f5 19. Rac1 Qxd2+ 20. Kxd2 Rxc1
21. Kxc1 Nc6 22. Rg5 Nxd4 23. Rxh5 gxh6 24. Rxh6 Kg7 25. Rh4 e5 26. f4 e4 27.
Bf1 Rc8+ 28. Kd2 Nf3+ 0-1

[Event "Let's Play Chess!"]
[Site "http://www.queenalice.com/game.php?id=1252148"]
[Date "2014.1.29"]
[Round "-"]
[White "Turtoise91"]
[Black "Berter"]
[Result "1-0"]
[WhiteElo "1579"]
[BlackElo "1472"]

1. e4 e5 2. Nf3 Nc6 3. Bb5 Nf6 4. O-O d6 5. d4 Nxe4 6. Qe2 d5 7. Nxe5 a6 8. Nxc6
bxc6 9. Bxc6+ Bd7 10. Bxd5 f5 11. Bxe4 fxe4 12. Qh5+ g6 13. Qe5+ Be6 14. Qxe6+
Qe7 15. Qc6+ Kf7 16. Qxa8 e3 17. Qf3+ Kg7 18. Bxe3 Qh4 19. Bf4 Bd6 20. Bxd6 cxd6
21. Nc3 Rf8 22. Qg3 Qxd4 23. Rad1 Qb4 24. Qxd6 1-0

[Event "Let's Play Chess!"]
[Site "http://www.queenalice.com/game.php?id=1254862"]
[Date "2014.2.9"]
[Round "-"]
[White "shadowmaster"]
[Black "Berter"]
[Result "0-1"]
[WhiteElo "1244"]
[BlackElo "1499"]

1. d4 d5 2. c4 c6 3. e3 Nf6 4. Nf3 Ne4 5. Qe2 f6 6. Nc3 e6 7. Bd2 Bd6 8. c5 Be7
9. b4 Na6 10. a4 Nxb4 11. O-O-O Qa5 12. g3 Nxc3 13. Bxc3 Na2+ 14. Qxa2 Qxc3+ 15.
Qc2 Qa1+ 16. Kd2 Qa3 17. Rb1 Rb8 18. Ba6 b5 19. Bxc8 Rxc8 20. Rb3 Qxa4 21. Qb2
O-O 22. Rb4 Qa5 23. Ra1 Qc7 24. Rba4 Ra8 25. R4a3 a5 26. Qa2 a4 27. Kc3 b4+ 28.
Kxb4 Qa5# 0-1

[Event "Challenge"]
[Site "http://www.queenalice.com/game.php?id=1255800"]
[Date "2014.2.12"]
[Round "-"]
[White "dejami"]
[Black "Berter"]
[Result "0-1"]
[WhiteElo "1743"]
[BlackElo "1472"]

1. e4 e5 2. c3 c6 3. Nf3 Qf6 4. d4 d6 5. d5 c5 6. Bg5 Qg6 7. Bb5+ Nd7 8. h4
Qxe4+ 9. Kf1 a6 10. Bd3 Qg4 11. Nbd2 h6 12. Be3 Ndf6 13. c4 Nh5 14. Be2 Ngf6 15.
Nxe5 Qf5 16. Nd3 Ng3+ 17. Kg1 Nxh1 18. Kxh1 Qg6 19. Nf4 Qf5 20. f3 Qe5 21. b3
Qxe3 22. Nd3 Nh5 23. Kh2 Be7 24. Nf1 Qd4 25. g3 g5 26. g4 Nf4 27. h5 Nxh5 28.
gxh5 Qh4+ 29. Kg1 Bf6 30. Rc1 Bd4+ 31. Kg2 Qh3# 0-1